Cada vez única, el fin del mundo

Saved in:
Bibliographic Details
Main Author: Derrida, Jacques 1930-2004 (Author)
Other Authors: Arranz, Manuel (traductor)
Format: Book
Language:Spanish
Published: Valencia Pre-Textos 2005
Series:Ensayo, 776
Subjects:
Tags: Add Tag
No Tags, Be the first to tag this record!

MARC

LEADER 00000cam a2200000 a 4500
001 UCF9041
003 CL-VaPUC
005 20231031131042.0
008 131018e20050000sp |||||||||||||||||spa|d
999 |c 353526  |d 353524 
020 |a 8481917052 
040 |c Pontificia Universidad Católica de Valparaíso 
082 0 4 |a 149  |b DER  |2 21 
100 |a Derrida, Jacques   |d 1930-2004  |e author  |9 449254 
245 1 0 |a Cada vez única, el fin del mundo 
260 |a Valencia  |b Pre-Textos  |c 2005 
300 |a 369 p 
490 0 |a Ensayo, 776 
583 |a last modification  |c 20131018 14:00:00  |k Rodrigo Vera 
650 0 |a Filosofía francesa   |9 255698 
650 0 |a Filósofos franceses  |9 314621 
650 0 |a Deconstrucción   |9 455708 
650 0 |a Filosofía del lenguaje  |9 257082 
700 1 |a Arranz, Manuel  |e traductor  |9 864406 
942 |c BK  |2 ddc 
945 |d 20131018 14:00:00  |a dcastane 
952 |0 0  |1 0  |3 erb  |4 0  |6 149_000000000000000_DER_2005  |7 0  |8 R  |9 458840  |a BIBEDU  |b BIBEDU  |c MCIRC  |d 2019-11-23  |i 5019230  |o 149 DER 2005  |p 5019230  |r 2023-01-13  |w 2019-11-23  |y BK_R  |z Catalogado en:20131018  |k PSI